| 000 | 01083nam a2200325 i 4500 | ||
|---|---|---|---|
| 003 | EG-ScBUE | ||
| 005 | 20231218152038.0 | ||
| 008 | 180404s2004 mx a f 000 0 mul d | ||
| 020 | _a9686997113 | ||
| 040 |
_aEG-ScBUE _beng _erda _cEG-ScBUE _dEG-ScBUE |
||
| 041 | 0 |
_aeng _aspa |
|
| 082 | 0 | 4 |
_a917.204835 _bMEX _222 |
| 245 | 0 | 0 |
_aMéxico : _bpaisajes. |
| 246 | 3 |
_aMexico : _blandscapes |
|
| 264 | 1 |
_aMéxico, D.F. : _bGrupo Editorial Proyección de México, _c2004. |
|
| 300 |
_a234 pages : _bcolor illustrations ; _c24 cm |
||
| 336 |
_2rdacontent _atext _btxt |
||
| 337 |
_2rdamedia _aunmediated _bn |
||
| 338 |
_2rdacarrier _avolume _bnc |
||
| 546 | _aText in English and Spanish. | ||
| 650 | 7 |
_aLandscape photography _zMexico. _2BUEsh |
|
| 650 | 7 |
_aPhotography, Panoramic _zMexico. _2BUEsh |
|
| 650 | 7 |
_aPaisajes _zMexico. _2BUEsh |
|
| 651 | 7 |
_aMexico _vPictorial works. _2BUEsh |
|
| 651 | 7 |
_aMexico _xDescription and travel. _2BUEsh |
|
| 653 |
_bBUSBOL _bGGEN _cApril2018 |
||
| 655 | _vReading book | ||
| 942 |
_2ddc _cBB |
||
| 999 |
_c26475 _d26447 |
||